| Tag |
First Indicator |
Second Indicator |
Subfields |
| LEADER |
00000cam a2200000Ma 4500 |
| 001 |
in00002781937 |
| 006 |
m o d |
| 007 |
cr cn||||||||| |
| 008 |
120805s2012 enka ob 001 0 eng d |
| 005 |
20250816213242.1 |
| 010 |
|
|
|z 2011031231
|
| 020 |
|
|
|z 9780566088322 (hardcover : alk. paper)
|
| 020 |
|
|
|a 9780754692096 (e-book)
|
| 020 |
|
|
|a 0754692094 (e-book)
|
| 035 |
|
|
|a (OCoLC)ocn802047812
|
| 035 |
|
|
|a (NhCcYBP)ebr10576201
|
| 035 |
|
|
|a (OCoLC)802047812
|
| 040 |
|
|
|a E7B
|c E7B
|d OCLCO
|d UIU
|d GZM
|d OCLCQ
|d TXA
|d UtOrBLW
|
| 043 |
|
|
|a e-uk---
|
| 049 |
|
|
|a TXAM
|
| 050 |
|
4 |
|a HV6699.G7
|b F73 2012eb
|
| 082 |
0 |
4 |
|a 658.4/73
|2 23
|
| 245 |
0 |
0 |
|a Fraud :
|b the counter fraud practitioner's handbook /
|c edited by Alan Doig.
|
| 264 |
|
1 |
|a Farnham, Surrey, England ;
|a Burlington, VT :
|b Gower,
|c [2012]
|
| 264 |
|
4 |
|c ©2012
|
| 300 |
|
|
|a 1 online resource (xxx, 543 pages) :
|b illustrations
|
| 336 |
|
|
|a text
|b txt
|2 rdacontent
|
| 337 |
|
|
|a computer
|b c
|2 rdamedia
|
| 338 |
|
|
|a online resource
|b cr
|2 rdacarrier
|
| 504 |
|
|
|a Includes bibliographical references (pages [521]-529) and index.
|
| 505 |
0 |
|
|a Pt. 1. Themes, trends and perspectives -- pt. 2. Fraud : how to investigate -- pt. 3. Prevention -- pt. 4. Sanction routes.
|
| 500 |
|
|
|a Electronic resource.
|
| 650 |
|
0 |
|a Fraud
|z Great Britain.
|
| 655 |
|
7 |
|a Electronic books.
|2 local
|
| 700 |
1 |
|
|a Doig, Alan.
|
| 710 |
2 |
|
|a ebrary, Inc.
|
| 856 |
4 |
0 |
|u https://ebookcentral.proquest.com/lib/tamucs/detail.action?docID=956278
|y Connect to the full text of this electronic book
|t 0
|
| 948 |
|
|
|a cataloged
|b h
|c 2013/6/18
|d c
|e jlanham
|f 3:40:05 pm
|
| 994 |
|
|
|a C0
|b TXA
|
| 999 |
f |
f |
|s e91d5739-1787-3c4c-af05-247ce361c149
|i 574041fe-fd81-340d-b961-1b4e73bffbfa
|t 0
|
| 999 |
|
|
|a MARS
|
| 952 |
f |
f |
|a Texas A&M University
|b College Station
|c Electronic Resources
|d Available Online
|t 0
|e HV6699.G7 F73 2012eb
|h Library of Congress classification
|
| 998 |
f |
f |
|a HV6699.G7 F73 2012eb
|t 0
|l Available Online
|